00566nam a2200193Ia 450000500170000000800410001702000180005804000190007604100120009508200250010724500560013226000250018830000170021344000580023065000330028865100180032170000230033985000100036220230315101945.0131103s9999 xx 000 0 und d a0-416-10180-1 aLoreto College aEnglish a822.33(ID)bMER/BRO  4aThe Marchant of VenicecEdited by john Russel Brown alondonbMethunc1976 alviii,174p.  athe Arden edition of the works of William shakespeare aShakespeare, William - Drama aEnglish drama aBrown, John Russel aLCLIB